| 000 | 00668nam a2200181 a 4500 | ||
|---|---|---|---|
| 001 | 000048379 | ||
| 005 | 20201002061118.0 | ||
| 008 | 190218s2016 dr r 000 0 spa d | ||
| 020 | _a9789945588996 | ||
| 040 |
_aDO-SdBNP _bspa _cBNPHU |
||
| 082 |
_axxxx _bP324m |
||
| 100 | 1 |
_aPaula, Hermes de _933736 |
|
| 245 | 1 | 0 |
_aMetamorfosis del espejo : _bpoesía / _cHermes de Paula. |
| 260 |
_aSanto Domingo : _bEdiciones ferilibro, _c2016. |
||
| 300 |
_a65 p. ; _c20 cm. |
||
| 500 | _aObra seleccionada dentro de la convocatoria abierta para publicaciones con motivo de la XII Feria Regional del Libro Hato Mayor 2016, República Dominicana | ||
| 590 | _aInventariado, 2019/BT | ||
| 999 |
_c47867 _d47867 |
||